Ratingové hodnotenie miery náhrady a rozsahu straty pri defaulte

Analýza rating náhrady a rating očakávanej straty, t.j. osobitných druhov ratingového hodnotenia, ktoré špecificky naznačujú mieru kreditného rizika.

Salvato in:
Dettagli Bibliografici
Autore principale: Alexy, Martin, 1976-
Altri autori: Káčer, Marek, 1976-
Natura: Capitolo di libro
Lingua:slovacco
Soggetti:
Tags: Aggiungi Tag
Nessun Tag, puoi essere il primo ad aggiungerne!!

MARC

LEADER 00000naa a2200000 4500
001 0207841
005 20240502073445.9
041 0 |a slo 
044 |a SK 
245 1 0 |a Ratingové hodnotenie miery náhrady a rozsahu straty pri defaulte  |c Martin Alexy, Marek Káčer 
520 |a Analýza rating náhrady a rating očakávanej straty, t.j. osobitných druhov ratingového hodnotenia, ktoré špecificky naznačujú mieru kreditného rizika. 
610 2 0 |a rating úverový 
610 2 0 |a insolventnosť 
610 2 0 |a záväzky 
610 2 0 |a riadenie rizík 
100 1 |a Alexy, Martin, 1976- 
700 1 |a Káčer, Marek, 1976-